000 00311nam a2200133Ia 4500
100 _aCoad Peter
650 _aAutomobiles
942 _cRB
245 _aObject Models : Strategies Patterns & Application
260 _bYourdon Press
_aNew Jersey
_c1995
300 _a505
546 _aENGLISH
999 _c33973
_d33973